<?xml version="1.0" encoding="UTF-8"?>
<record
    xmlns:xsi="http://www.w3.org/2001/XMLSchema-instance"
    xsi:schemaLocation="http://www.loc.gov/MARC21/slim http://www.loc.gov/standards/marcxml/schema/MARC21slim.xsd"
    xmlns="http://www.loc.gov/MARC21/slim">

  <leader>01110nam a2200253 a 4500</leader>
  <controlfield tag="001">000001945</controlfield>
  <controlfield tag="005">20200929145752.0</controlfield>
  <controlfield tag="008">090630s19uu    dr            001 0 spa d</controlfield>
  <datafield tag="040" ind1=" " ind2=" ">
    <subfield code="a">DO-SdBNP</subfield>
    <subfield code="b">spa</subfield>
    <subfield code="c">BNPHU</subfield>
  </datafield>
  <datafield tag="082" ind1=" " ind2=" ">
    <subfield code="a">808.51</subfield>
    <subfield code="b">C793a</subfield>
  </datafield>
  <datafield tag="100" ind1="1" ind2=" ">
    <subfield code="a">Corcos, Fernando</subfield>
    <subfield code="9">6314</subfield>
  </datafield>
  <datafield tag="245" ind1="1" ind2="0">
    <subfield code="a">Arte de hablar en p&#xFA;blico /</subfield>
    <subfield code="c">Fernando Corcos ; prefacio Andr&#xE9; Maurois ; traducida por Mateo Santos.</subfield>
  </datafield>
  <datafield tag="260" ind1=" " ind2=" ">
    <subfield code="a">M&#xE9;xico :</subfield>
    <subfield code="b">Divulgaci&#xF3;n,</subfield>
    <subfield code="c">[s.a.].</subfield>
  </datafield>
  <datafield tag="300" ind1=" " ind2=" ">
    <subfield code="a">108 p. ;</subfield>
    <subfield code="c">20 cm.</subfield>
  </datafield>
  <datafield tag="505" ind1="0" ind2=" ">
    <subfield code="g">Prefacio /</subfield>
    <subfield code="r">Andr&#xE9; Maurois --</subfield>
    <subfield code="t">De la elocuencia --</subfield>
    <subfield code="t">Elocuencia y lirismo --</subfield>
    <subfield code="t">Cualidades necesarias al orador --</subfield>
    <subfield code="t">La tribuna y la escena --</subfield>
    <subfield code="t">Preparaci&#xF3;n del discurso --</subfield>
    <subfield code="t">Del estilo oratorio --</subfield>
    <subfield code="t">Los g&#xE9;neros oratorios --</subfield>
    <subfield code="t">La mujer y el arte oratorio --</subfield>
    <subfield code="t">La pl&#xE1;stica oratoria --</subfield>
    <subfield code="t">Oradores y auditorios --</subfield>
    <subfield code="g">Conclusiones.</subfield>
  </datafield>
  <datafield tag="650" ind1=" " ind2="4">
    <subfield code="a">Oratoria</subfield>
    <subfield code="9">1172</subfield>
  </datafield>
  <datafield tag="650" ind1=" " ind2="4">
    <subfield code="a">Persuaci&#xF3;n (ret&#xF3;rica)</subfield>
    <subfield code="9">6315</subfield>
  </datafield>
  <datafield tag="650" ind1=" " ind2="4">
    <subfield code="a">Elocuencia</subfield>
    <subfield code="9">6316</subfield>
  </datafield>
  <datafield tag="650" ind1=" " ind2="4">
    <subfield code="a">Oradores</subfield>
    <subfield code="9">6317</subfield>
  </datafield>
  <datafield tag="700" ind1="1" ind2=" ">
    <subfield code="a">Santos, Mateo,</subfield>
    <subfield code="e">tr.</subfield>
    <subfield code="9">6318</subfield>
  </datafield>
  <datafield tag="700" ind1="1" ind2=" ">
    <subfield code="a">Maurois, Andr&#xE9;,</subfield>
    <subfield code="d">1885-1967,</subfield>
    <subfield code="e">pref.</subfield>
    <subfield code="9">6319</subfield>
  </datafield>
  <datafield tag="910" ind1=" " ind2=" ">
    <subfield code="a">Validado. Control de calidad EMS</subfield>
  </datafield>
  <datafield tag="049" ind1=" " ind2=" ">
    <subfield code="a">BNGR</subfield>
  </datafield>
  <datafield tag="952" ind1=" " ind2=" ">
    <subfield code="0">0</subfield>
    <subfield code="1">0</subfield>
    <subfield code="7">1</subfield>
    <subfield code="8">PD</subfield>
    <subfield code="a">GR</subfield>
    <subfield code="b">GR</subfield>
    <subfield code="c">HD</subfield>
    <subfield code="d">2009-06-30</subfield>
    <subfield code="i">LF1</subfield>
    <subfield code="l">0</subfield>
    <subfield code="o">808.51 C793a</subfield>
    <subfield code="p">1945-10</subfield>
    <subfield code="r">2020-06-25</subfield>
    <subfield code="w">2020-06-25</subfield>
    <subfield code="y">LFPD</subfield>
    <subfield code="Z">No se presta</subfield>
  </datafield>
  <datafield tag="999" ind1=" " ind2=" ">
    <subfield code="c">1811</subfield>
    <subfield code="d">1811</subfield>
  </datafield>
</record>
